000 00735pam a2200229 a 4500
001 3873237
005 20180302080444.0
008 890802r19901987nhua b 000 0 eng
010 _a 89038810
020 _a0435085026 :
_c$17.50
040 _aDLC
_cDLC
_dDLC
041 _aeng
080 _a372.6
082 0 0 _a372.6 JOH
_220
100 1 _a25
101 _aEDU
245 1 0 _aBringing it all together :
_cTerry D. Johnson and Daphne R. Louis.
504 _aIncludes bibliographical references (p. 253-259).
906 _a7
_bcbc
_corignew
_d1
_eocip
_f19
_gy-gencatlg
942 _2ddc
_cBK
999 _c44055
_d44055